000 00460nam a2200169 a 4500
001 0000-8988
003 ELIB.Books
008 110520 1980
035 _a(ELIB.Books)0000-9137
082 _a270.82
_bArr
100 _aArruda, Marcos
245 _aTransnational Corporations Technology and Human Development
260 _bGeneva: WCC Publications
_c1980
650 _aChurch History
942 _2ddc
_cBK
998 _cbat
_e2011-05-20
999 _c8988
_d8988